Gibt es die ideale Polizei?

Gespeichert in:  
Bibliographische Detailangaben
1. VerfasserIn: Korinek, László 1946- (Verfasst von)
Medienart: Druck Aufsatz
Sprache:Deutsch
Veröffentlicht: [2021]
In: Unterwegs in Kriminologie und Strafrecht - exploring the world of crime and criminology
Jahr: 2021, Seiten: 397-407
Verfügbarkeit prüfen: HBZ Gateway
Schlagwörter:

MARC

LEADER 00000caa a2200000 c 4500
001 177203925X
003 DE-627
005 20260507160522.0
007 tu
008 210929s2021 xx ||||| 00| ||ger c
020 |a 9783428182510 
035 |a (DE-627)177203925X 
035 |a (DE-599)KXP177203925X 
040 |a DE-627  |b ger  |c DE-627  |e rda 
041 |a ger 
100 1 |a Korinek, László  |d 1946-  |e VerfasserIn  |0 (DE-588)120487578  |0 (DE-627)080706312  |0 (DE-576)292245998  |4 aut 
109 |a Korinek, László 1946- 
245 1 0 |a Gibt es die ideale Polizei?  |c von László Korinek 
246 3 0 |a Literaturverzeichnis: Seite 406-407 
264 1 |c [2021] 
336 |a Text  |b txt  |2 rdacontent 
337 |a ohne Hilfsmittel zu benutzen  |b n  |2 rdamedia 
338 |a Band  |b nc  |2 rdacarrier 
650 4 |a Gesellschaft 
650 4 |a Kommunismus 
650 4 |a Diktatur 
650 4 |a Demokratie 
650 4 |a Polizei 
650 4 |a Polizeiorganisation 
650 4 |a Historische Entwicklung 
650 4 |a Kriminologie 
650 4 |a Verfahrensgerechtigkeit 
650 4 |a Sicherheit 
651 4 |a Ungarn 
689 0 0 |d s  |0 (DE-588)4046595-0  |0 (DE-627)106197525  |0 (DE-576)209070196  |a Polizei  |2 gnd 
689 0 1 |d s  |0 (DE-588)4046612-7  |0 (DE-627)106197479  |0 (DE-576)209070269  |a Polizeiorganisation  |2 gnd 
689 0 2 |d s  |0 (DE-588)4054790-5  |0 (DE-627)106161075  |0 (DE-576)209110589  |a Sicherheit  |2 gnd 
689 0 3 |d s  |0 (DE-588)4020588-5  |0 (DE-627)106317520  |0 (DE-576)208933956  |a Gesellschaft  |2 gnd 
689 0 4 |d s  |0 (DE-588)4149920-7  |0 (DE-627)105557463  |0 (DE-576)209775815  |a Diktatur  |2 gnd 
689 0 5 |d s  |0 (DE-588)4011413-2  |0 (DE-627)106352873  |0 (DE-576)208893415  |a Demokratie  |2 gnd 
689 0 |5 (DE-627) 
773 0 8 |i Enthalten in  |t Unterwegs in Kriminologie und Strafrecht - exploring the world of crime and criminology  |d Berlin : Duncker & Humblot, 2021  |g (2021), Seite 397-407  |h 1278 Seiten  |w (DE-627)1771043261  |z 9783428182510  |7 nnam 
773 1 8 |g year:2021  |g pages:397-407 
951 |a AR 
ELC |b 1 
LOK |0 000 xxxxxcx a22 zn 4500 
LOK |0 001 4071261056 
LOK |0 003 DE-627 
LOK |0 004 177203925X 
LOK |0 005 20250730080624 
LOK |0 008 220222||||||||||||||||ger||||||| 
LOK |0 040   |a DE-21-110  |c DE-627  |d DE-21-110 
LOK |0 852   |a DE-21-110 
LOK |0 852 1  |m p  |9 00 
LOK |0 938   |k p 
LOK |0 939   |a 2022-02-22  |b l01 
ORI |a WA-MARC-krimdoka001.raw